000 00288nam a2200121Ia 4500
003 OSt
005 20230902044252.0
008 170523s9999 xx 000 0 und d
040 _cIIMT UNIVERSITY
100 _aCHARY- S.N
245 0 _aPRODUCTION AND OPERATION MANAGMENT
942 _2ddc
_c02
999 _c10412
_d10412